000 00555nam a2200217 a 4500
001 BRL_155
005 20190320210619.0
008 810225s1957####nyua#||###---#000-0#eng-#
040 _aDLC
_cCarP
_dDLC
041 _aeng
044 _anyu
050 4 _aTR1
_b.A86 1957
245 1 0 _aASMP picture annual.
260 _aNueva York
_bSimon and Schuster
_c1957
300 _a192 p.
_bil.
_c28 cm.
500 _aAu198
650 1 4 _aFotografía
_vPublicaciones periódicas
_923061
650 1 4 _aFotografía artística
_92547
902 _aGRL
942 _2lcc
_cB
999 _c8968
_d8968